DC league of superpets / written by Jared Stern ... Read More
Available copies
- 3 of 3 copies available at LARL/NWRL Consortium.
- 1 of 1 copy available at Lake Agassiz Regional Library. (Show preferred library)
Current holds
0 current holds with 3 total copies.
Show Only Available Copies
| Location | Call Number / Copy Notes | Barcode | Shelving Location | Status | Due Date |
|---|---|---|---|---|---|
| Detroit Lakes Public Library | DVD J DC (Text) | 33500013686365 | Main | Available | - |
| Greenbush Public Library | DVD j DCL (Text) | 35500006311839 | Main | Available | - |
| Roseau Public Library | DVD j DCL (Text) | 35500006368037 | Main | Available | - |
Record details
- Physical Description: 1 videodisc (105 min.) ; 4 3/4 in.
- Publisher: Burbank, CA : Warner Home Video, [2022]
Content descriptions
| General Note: | Title from web page. Wide screen. Special feature: Behind the super voices. |
| Creation/Production Credits Note: | Music, Steve Jablonsky ; editor, David Egan, ... Read More |
| Participant or Performer Note: | Dwayne Johnson, Kevin Hart, Vanessa Bayer, Natasha ... Read More |
| Summary, etc.: | Krypto the Super-Dog and Superman are Inseparable ... Read More |
| Target Audience Note: | Rating: PG; for action, mild violence, language ... Read More |
| System Details Note: | DVD; Region 1; Wide screen; Dolby Digital 5.1; ... Read More |
| Language Note: | English, French or Spanish dialogue; French or ... Read More |
Search for related items by subject
| LDR | 03437cgm a22007337a 4500 | ||
|---|---|---|---|
| 001 | 400903 | ||
| 003 | LARL_NWRL_CONSORTIUM | ||
| 005 | 20221006173324.0 | ||
| 007 | vd cvaizq | ||
| 008 | 220825s2022 cau105 j vaeng d | ||
| 024 | 1 | . | ‡a883929773602 |
| 028 | 4 | 2. | ‡a1000802775 ‡bWarner Bros |
| 028 | 4 | 2. | ‡a1000802795 ‡bWarner Bros |
| 035 | . | ‡a(OCoLC)1342124800 | |
| 037 | . | ‡bMidwest Tape ‡nhttp://www.midwesttapes.com | |
| 040 | . | ‡aTEFMT ‡beng ‡cTEFMT ‡dTEF ‡dTEFMT | |
| 041 | 1 | . | ‡aeng ‡afre ‡aspa ‡jfre ‡jspa ‡peng ‡qeng ‡heng |
| 245 | 0 | 0. | ‡aDC league of superpets / ‡cwritten by Jared Stern and John Whittington ; produced by Patricia Hicks, Dwayne Johnson, Dany Garcia, Hiram Garcia, Jared Stern ; directed by Jared Stern. |
| 246 | 3 | . | ‡aDC league of super-pets |
| 264 | 1. | ‡aBurbank, CA : ‡bWarner Home Video, ‡c[2022] | |
| 300 | . | ‡a1 videodisc (105 min.) ; ‡c4 3/4 in. | |
| 336 | . | ‡atwo-dimensional moving image ‡btdi ‡2rdacontent. | |
| 337 | . | ‡avideo ‡bv ‡2rdamedia. | |
| 338 | . | ‡avideodisc ‡bvd ‡2rdacarrier. | |
| 344 | . | ‡boptical ‡2rdarm. | |
| 344 | . | ‡hDolby Digital 5.1. | |
| 347 | . | ‡a344 digital ‡2rdatr. | |
| 347 | . | ‡avideo file ‡2rdaft. | |
| 347 | . | ‡bDVD video. | |
| 347 | . | ‡eregion 1 ‡2rdare. | |
| 380 | . | ‡aMotion pictures ‡2lcgft. | |
| 500 | . | ‡aTitle from web page. | |
| 500 | . | ‡aWide screen. | |
| 500 | . | ‡aSpecial feature: Behind the super voices. | |
| 508 | . | ‡aMusic, Steve Jablonsky ; editor, David Egan, Jhoanne Reyes. | |
| 511 | 1 | . | ‡aDwayne Johnson, Kevin Hart, Vanessa Bayer, Natasha Lyonne, Diego Luna, John Krasinski, Marc Maron, Kate McKinnon, Keanu Reeves, Dascha Polanco. |
| 520 | . | ‡aKrypto the Super-Dog and Superman are Inseparable best friends, sharing the same superpowers and fighting crime side by side in Metropolis. However, Krypto must master his powers for a rescue mission when Superman is kidnapped. | |
| 521 | 8 | . | ‡aRating: PG; for action, mild violence, language and rude humor ‡aCHV rating: G. |
| 538 | . | ‡aDVD; Region 1; Wide screen; Dolby Digital 5.1; Descriptive audio; described video. | |
| 546 | . | ‡aEnglish, French or Spanish dialogue; French or Spanish subtitles; subtitled for the deaf and hard of hearing (SDH); described video. | |
| 600 | 0 | 0. | ‡aSuperman ‡c(Fictitious character) ‡vJuvenile films. |
| 650 | 0. | ‡aSuperheroes ‡vJuvenile films. | |
| 650 | 0. | ‡aDogs ‡vJuvenile films. | |
| 650 | 0. | ‡aPets ‡vJuvenile films. | |
| 650 | 0. | ‡aRescues ‡vJuvenile films. | |
| 650 | 0. | ‡aMetropolis (Imaginary place) ‡vJuvenile films. | |
| 600 | 0 | 1. | ‡aSuperman ‡c(Fictitious character) ‡vDrama. |
| 650 | 1. | ‡aSuperheroes ‡vDrama. | |
| 650 | 1. | ‡aDogs ‡vDrama. ‡0(LARL_NWRL_CONSORTIUM)171976 | |
| 650 | 1. | ‡aPets ‡vDrama. | |
| 650 | 1. | ‡aRescues ‡vDrama. ‡0(LARL_NWRL_CONSORTIUM)174657 | |
| 650 | 1. | ‡aMetropolis (Imaginary place) ‡vDrama. | |
| 700 | 1 | . | ‡aStern, Jared ‡c(Screenwriter), ‡efilm director, ‡efilm producer. |
| 700 | 1 | . | ‡aHicks, Patricia, ‡efilm producer. |
| 700 | 1 | . | ‡aJohnson, Dwayne, ‡d1972- ‡efilm producer. ‡0(LARL_NWRL_CONSORTIUM)145964 |
| 700 | 1 | . | ‡aWhittington, John ‡c(Screenwriter), ‡escreenwriter. |
| 700 | 1 | . | ‡aJohnson, Dwayne, ‡d1972- ‡evoice actor. ‡0(LARL_NWRL_CONSORTIUM)145964 |
| 700 | 1 | . | ‡aHart, Kevin, ‡d1979- ‡evoice actor. ‡0(LARL_NWRL_CONSORTIUM)225217 |
| 700 | 1 | . | ‡aBayer, Vanessa, ‡d1981- ‡evoice actor. |
| 710 | 2 | . | ‡aWarner Home Video (Firm), ‡epublisher. ‡0(LARL_NWRL_CONSORTIUM)139520 |
| 730 | 0 | 2. | ‡iContainer of (work): ‡aDC league of superpets (Motion picture) |
| 730 | 0 | 2. | ‡iContainer of (expression): ‡aDC league of superpets (Motion picture). ‡lFrench. |
| 730 | 0 | 2. | ‡iContainer of (expression): ‡aDC league of superpets (Motion picture). ‡lSpanish. |
| 901 | . | ‡a400903 ‡b ‡c400903 ‡tbiblio | |

Add to basket
Permalink
Disable Highlighting